Urbanization in Europe : Selected Papers in English, German and French /

Salvato in:
Dettagli Bibliografici
Altri autori: Sárfalvi, Béla (Redattore)
Natura: Libro
Lingua:inglese
tedesco
francese
Pubblicazione: Budapest : Akadémiai Kiadó, 1975
Edizione:1. vydanie
Soggetti:
Tags: Aggiungi Tag
Nessun Tag, puoi essere il primo ad aggiungerne!!

MARC

LEADER 00000nam a22000003a 4500
001 0108248
003 SK-STU
005 20240202104903.6
007 ta
008 240202s ----xo-----e------000-0-----d
020 |a 963 05 0490 1 
040 |a STU  |b slo 
041 0 |a eng  |a ger  |a fre 
044 |a hu 
100 1 |a Sárfalvi, Béla  |4 edt 
245 1 0 |a Urbanization in Europe :  |b Selected Papers in English, German and French /  |c ed. Béla Sárfalvi 
250 |a 1. vydanie 
260 |a Budapest :  |b Akadémiai Kiadó,  |c 1975 
650 0 7 |a urbanizmus a územné plánovanie 
650 0 7 |a Európa 
650 0 7 |a 20. storočie 
996 |b 284AU09916  |c A* 13284/U  |l AAKNAR  |s A  |a 24  |w 0108248_0001